书目信息 |
| 题名: |
教育行政诉讼理论与实务研究
|
|
| 作者: | 湛中乐 主编 | |
| 分册: | ||
| 出版信息: | 北京 中国法制出版社 2013 |
|
| 页数: | 433页 | |
| 开本: | 23cm | |
| 丛书名: | ||
| 单 册: | ||
| 中图分类: | D925.304 | |
| 科图分类: | ||
| 主题词: | 教育行政--行政诉讼--研究--中国 , 教育行政 , 行政诉讼 | |
| 电子资源: | ||
| ISBN: | 978-7-5093-4656-3 | |
| 000 | 01131nam0 2200277 450 | |
| 001 | 523 | |
| 005 | 20140908091232.07 | |
| 010 | @a978-7-5093-4656-3@dCNY69.00 | |
| 100 | @a20130905d2013 em y0chiy50 ea | |
| 101 | 0 | @achi |
| 102 | @aCN@b110000 | |
| 105 | @aa z 000yy | |
| 106 | @ar | |
| 200 | 1 | @a教育行政诉讼理论与实务研究@AJiao Yu Xing Zheng Su Song Li Lun Yu Shi Wu Yan Jiu@dTheory and practice of administrative litigation on education@f湛中乐主编@FZhan Zhong Le Zhu Bian@zeng |
| 210 | @a北京@c中国法制出版社@d2013 | |
| 215 | @a433页@c彩照@d23cm | |
| 300 | @a湛中乐教授教育法研究系列 | |
| 330 | @a本书探讨教育行政救济特别是教育行政诉讼中的若干理论问题。全书分为四编,包括:行政诉讼与师生权益保护,行政诉讼法修改与教育行政诉讼,教育申诉、复议与诉讼的关系,学术自由、大学治理与司法审查。 | |
| 510 | 1 | @aTheory and practice of administrative litigation on education@zeng |
| 606 | 0 | @a教育行政@x行政诉讼@x研究@y中国 |
| 606 | 0 | @a教育行政 |
| 606 | 0 | @a行政诉讼 |
| 690 | @aD925.304@v5 | |
| 701 | 0 | @a湛中乐@AZhan Zhong Le@f(1964~)@4主编 |
| 801 | 0 | @aCN@bTANGWEI@c20140603 |
| 905 | @b0841976-78@dD925.304@e481@f3 | |
| 教育行政诉讼理论与实务研究=Theory and practice of administrative litigation on education/湛中乐主编.-北京:中国法制出版社,2013 |
| 433页:彩照;23cm |
| 湛中乐教授教育法研究系列 |
| ISBN 978-7-5093-4656-3:CNY69.00 |
| 本书探讨教育行政救济特别是教育行政诉讼中的若干理论问题。全书分为四编,包括:行政诉讼与师生权益保护,行政诉讼法修改与教育行政诉讼,教育申诉、复议与诉讼的关系,学术自由、大学治理与司法审查。 |
| ● |
| 相关链接 |
|
|
|
|
正题名:教育行政诉讼理论与实务研究
索取号:D925.304/481
 
预约/预借
| 序号 | 登录号 | 条形码 | 馆藏地/架位号 | 状态 | 备注 |
| 1 | 0841976 | 208419763 | 第一样本阅览室/ [索取号:D925.304/481] | 在馆 | |
| 2 | 0841977 | 208419772 | 密集书库-史法系/ [索取号:D925.304/481] | 在馆 | |
| 3 | 0841978 | 208419781 | 第一借阅区/ [索取号:D925.304/481] | 在馆 |